Forma vedení vnitropodnikového účetnictví v našich podmínkách. 1

Formálno-technické otázky vzťahu manažérskeho a finančného účtovníctva. Nákladové-vnútropodnikové účtovníctvo a forma jeho vedenia: 1. v samostatnom okruhu, 2. v rámci analytickej evidencie k finančnému účtovníctvu, 3. kombinácia 1. a 2. formy spracovávaná pomocou počítača. Podrobnejšie o prvých dvo...

Ausführliche Beschreibung

Gespeichert in:
Bibliographische Detailangaben
1. Verfasser: Schroll, R.
Format: Buchkapitel
Sprache:Tschechisch
Schlagworte:
Tags: Tag hinzufügen
Keine Tags, Fügen Sie das erste Tag hinzu!

MARC

LEADER 00000naa a2200000 4500
001 r016039
005 20221205091451.4
041 0 |a cze 
044 |a CZ 
245 1 0 |a Forma vedení vnitropodnikového účetnictví v našich podmínkách. 1  |c R. Schroll 
520 |a Formálno-technické otázky vzťahu manažérskeho a finančného účtovníctva. Nákladové-vnútropodnikové účtovníctvo a forma jeho vedenia: 1. v samostatnom okruhu, 2. v rámci analytickej evidencie k finančnému účtovníctvu, 3. kombinácia 1. a 2. formy spracovávaná pomocou počítača. Podrobnejšie o prvých dvoch formách. 
610 2 0 |a účtovníctvo finančné 
610 2 0 |a účtovanie nákladov 
610 2 0 |a účtovníctvo vnútropodnikové 
610 2 0 |a manažment 
610 2 0 |a metodika 
610 2 0 |a Európa 
610 2 0 |a Nemecko 
610 2 0 |a Francúzsko 
100 1 |a Schroll, R.